| 000 | 00441 a2200145 4500 | ||
|---|---|---|---|
| 020 | _a9780663607600 (pbk.) | ||
| 020 | _a0663607604 (pbk.) | ||
| 041 | _aspa | ||
| 245 | _aCuidando la tierra / [many authors and illustrators] | ||
| 260 | _a[no place of publication] ; Silver Burdett Ginn, c1997. | ||
| 300 |
_a32 pages : color illustrations ; _c28 cm |
||
| 440 | _aOnda geografica | ||
| 500 | _aMagazine format. Cover title. | ||
| 942 | _cBK | ||
| 999 |
_c21585 _d21585 |
||